| 000 | 00794nam a22001577a 4500 | ||
|---|---|---|---|
| 003 | OSt | ||
| 005 | 20151007143459.0 | ||
| 008 | 151007b xxu||||| |||| 00| 0 eng d | ||
| 040 | _cRUA | ||
| 082 | _aAVM PIC 2008 B080 Or.1 | ||
| 100 |
_92277 _a PICH, PHARIN. |
||
| 245 | _aEffect of pumpkin supplementation in cp concentrate on growth rate of broiler chicken avian in rua, ឥទ្ធិពលនៃការប្រើប្រាស់ផ្លែល្ពៅជាចំណីបន្ថែមលើចំណៅផ្សំរបស់ក្រុមហ៊ុន CP ទៅលើការលូតលាស់របស់មាន់ avian នៅស្ថានីចិញចឹមសត្វ rua | ||
| 260 |
_aPhnom Penh _bRUA _c2008 |
||
| 300 |
_ax; 44p. _bill. _c29cm. |
||
| 942 |
_2ddc _cAVM |
||
| 999 |
_c2146 _d2146 |
||